00541nam a22001817a 450000500170000001000140001702000260003103500130005703700130007008200080008310000210009124500850011226000410019727000570023830000210029565000190031670000240033520100807153421.0 aENG-98890 a9788190959414c150.00 aEN-82422 bDBAD/PUB a881 aAyyanaar, Boutha aRooms :bmension musings /cby Boutha Ayyanaar; translated by Iatha Ramakrishnan aKarurbMeenal Publishing Housec2009 aMullai illam, TKP Complex, Sunga GatebKarure639005 a72p.c21cm (pbk) aEnglish poetry aRamakrishnan, Latha